UBT Library

ASTRONOMY AND ASTROPHYSICS ABSTRACTS (Record no. 58873)

000 -LEADER
fixed length control field 00340nam a22001457a 4500
008 - FIXED-LENGTH DATA ELEMENTS--GENERAL INFORMATION
fixed length control field 221114b ||||| |||| 00| 0 eng d
020 ## - INTERNATIONAL STANDARD BOOK NUMBER
International Standard Book Number 3540098305
041 ## - LANGUAGE CODE
Language code of text/sound track or separate title eng
080 ## - UNIVERSAL DECIMAL CLASSIFICATION NUMBER
Edition identifier volume 23/24
Universal Decimal Classification number 521
082 ## - DEWEY DECIMAL CLASSIFICATION NUMBER
Classification number 521 BOH
100 ## - Rafti
Rafti 19.1
101 ## - Shkurtesa
Shkurtesa AST
245 ## - TITLE STATEMENT
Title ASTRONOMY AND ASTROPHYSICS ABSTRACTS
Statement of responsibility, etc BOHME S
942 ## - ADDED ENTRY ELEMENTS (KOHA)
Source of classification or shelving scheme
Item type Books
Holdings
Withdrawn status Lost status Source of classification or shelving scheme Damaged status Not for loan Collection code Permanent location Current location Date acquired Total Checkouts Full call number Barcode Date last seen Price effective from Koha item type
          Koleksioni i përgjithshem UBT - Lipjan UBT - Lipjan 11/14/2022   521 BOH 002-800028700260630 11/14/2022 11/14/2022 Books
          Koleksioni i përgjithshem UBT - Lipjan UBT - Lipjan 11/14/2022   521 BOH 002-800028700260631 11/14/2022 11/14/2022 Books
UBT Library © 2015-2024. All rights reserved University Education for Business and Technology